<?xml version="1.0" encoding="UTF-8"?>
<collection xmlns="http://www.loc.gov/MARC21/slim">
 <record>
  <leader>00888cam a2200169 7i4500</leader>
  <controlfield tag="001">0000135195</controlfield>
  <controlfield tag="005">20080213090000.0</controlfield>
  <controlfield tag="002">  0000000258</controlfield>
  <datafield tag="090" ind1="0" ind2="0">
   <subfield code="a">LP 22 FPSS 1 1993 </subfield>
  </datafield>
  <datafield tag="100" ind1="0" ind2="#">
   <subfield code="a">Lee Mooi Joo </subfield>
  </datafield>
  <datafield tag="235" ind1="0" ind2="0">
   <subfield code="a">Kesan penggantian sebahagian atau semua tepung ikan dengan tepung sisa ternakan dalam diet ke atas pertumbuhan Keli Afrika (Clarias gariepinus) </subfield>
   <subfield code="c">Lee Mooi Joo.</subfield>
  </datafield>
  <datafield tag="245" ind1="0" ind2="0">
   <subfield code="a">Laporan Projek FPSS (Ijazah Bacelor Sains Perikanan)1993.</subfield>
  </datafield>
  <datafield tag="260" ind1="#" ind2="#">
   <subfield code="a">Serdang, Selangor: </subfield>
   <subfield code="b">Universiti Pertanian Malaysia, </subfield>
   <subfield code="c">1993.</subfield>
  </datafield>
  <datafield tag="300" ind1=" " ind2=" ">
   <subfield code="a">ix, 54 p.: </subfield>
   <subfield code="b">ill. (some col.); </subfield>
   <subfield code="c">30 cm..</subfield>
  </datafield>
  <datafield tag="502" ind1="#" ind2="#">
   <subfield code="a">Satu kajian telah dijalankan untuk menilai kesan penggantian sebahagian atau semua tepung ikan (FM) dengan tepung sisa ternakan ayam (PM) terhadap pertumbuhan dan kemandirian Keli Afrika (Clarias gariepinus)...[et al.]</subfield>
  </datafield>
  <datafield tag="602" ind1="#" ind2="#">
   <subfield code="a">Laporan Projek FPSS 1993</subfield>
  </datafield>
  <datafield tag="999" ind1=" " ind2=" ">
   <subfield code="a">1100023720</subfield>
   <subfield code="b">Book</subfield>
   <subfield code="c">Koleksi Arkib</subfield>
   <subfield code="e">BILIK ARKIB</subfield>
  </datafield>
 </record>
</collection>
